Top 500 Baby Girl Names of 1969-USA - Statistics

General Stats
  • This quiz has been taken 4,298 times
  • The average score is 238 of 500
Answer Stats
Rank Hint Answer % Correct
145 M Marie
96%
8 M Mary
96%
167 J Jean
92%
251 J Jo
92%
57 A Ann
91%
101 A Anne
91%
398 J Jan
89%
292 A Ana
88%
99 A Anna
88%
70 K Katherine
88%
40 M Maria
88%
58 C Catherine
87%
476 E Elisabeth
87%
16 E Elizabeth
87%
395 J Jenifer
87%
3 J Jennifer
87%
104 K Kathryn
87%
170 J Jane
86%
10 L Laura
86%
1 L Lisa
86%
211 L Lora
86%
416 C Chris
83%
415 K Kris
83%
73 M Margaret
83%
134 J Jessica
82%
33 L Linda
82%
278 L Lynda
82%
124 S Sara
82%
72 S Sarah
82%
177 S Shawn
82%
313 C Christi
81%
246 C Christie
81%
116 C Christy
81%
200 J Joan
81%
12 J Julie
81%
128 K Kristi
81%
230 K Kristie
81%
288 A Aimee
80%
6 A Amy
80%
100 J Julia
80%
96 K Kristen
80%
76 K Kristin
80%
333 R Rachael
80%
69 R Rachel
80%
18 P Patricia
79%
55 C Carol
78%
414 C Carole
78%
13 K Karen
78%
281 K Karin
78%
232 L Lauren
78%
172 R Rose
78%
11 S Susan
78%
198 E Emily
77%
467 K Karyn
77%
66 K Kim
77%
273 D Dianna
76%
426 E Emma
76%
374 K Katie
75%
419 M Melisa
75%
5 M Melissa
75%
30 M Michele
75%
2 M Michelle
75%
28 R Rebecca
75%
185 A Alice
74%
80 D Diana
74%
190 K Kelley
74%
115 K Kelli
74%
130 K Kellie
74%
15 K Kelly
74%
83 V Victoria
74%
122 A Amanda
73%
361 A Angel
73%
37 C Christina
73%
392 C Cristina
73%
156 J Joanne
73%
136 K Kristina
73%
169 E Ellen
72%
84 J Janet
72%
196 J Joann
72%
396 K Kimberlee
72%
179 K Kimberley
72%
4 K Kimberly
72%
160 C Charlotte
71%
32 T Teresa
71%
49 T Theresa
71%
269 A Alison
70%
194 A Allison
70%
224 C Caroline
70%
61 D Diane
70%
293 D Dianne
70%
340 G Grace
70%
175 H Helen
70%
140 S Samantha
70%
397 A Annie
69%
82 B Beth
68%
470 C Cari
68%
14 C Christine
68%
219 J Jeanne
68%
213 K Kari
68%
110 K Kristine
68%
391 L Lucy
68%
265 M Molly
68%
353 S Stefanie
68%
19 S Stephanie
68%
22 T Tina
68%
422 D Debora
67%
27 D Deborah
67%
43 D Debra
67%
328 J Jeannie
67%
418 L Lea
67%
210 L Leah
67%
7 A Angela
66%
39 B Barbara
66%
94 C Carrie
66%
335 K Keri
66%
241 K Kerri
66%
176 K Kerry
66%
26 D Donna
65%
244 J Joanna
65%
314 N Nichole
65%
47 N Nicole
65%
25 S Sandra
65%
409 S Sondra
65%
50 P Paula
64%
216 R Rosa
64%
168 R Ruth
64%
438 J Jennie
63%
274 J Jenny
63%
36 S Sharon
63%
445 A Amelia
62%
154 B Betty
62%
111 D Danielle
62%
181 D Dorothy
62%
215 E Evelyn
62%
92 M Melanie
62%
153 N Natalie
62%
336 N Nora
62%
65 T Tracey
62%
112 T Traci
62%
171 T Tracie
62%
17 T Tracy
62%
332 W Wendi
62%
29 W Wendy
62%
405 A Alexandra
61%
48 A Andrea
61%
348 C Cathleen
61%
268 E Eva
61%
42 K Kathleen
61%
382 L Louise
61%
45 N Nancy
61%
108 V Veronica
61%
339 J Josephine
60%
498 P Pam
60%
385 S Sophia
60%
497 I Isabel
59%
77 K Kathy
59%
324 L Lillian
59%
164 T Tammie
59%
9 T Tammy
59%
147 V Vanessa
59%
117 A Alicia
58%
360 A Ashley
58%
38 B Brenda
58%
133 C Cathy
58%
131 J Janice
58%
206 T Tami
58%
317 T Tammi
58%
431 T Tania
58%
90 T Tanya
58%
228 T Tonia
58%
54 T Tonya
58%
284 C Cherie
57%
195 F Frances
57%
187 J Joy
57%
383 J June
57%
139 M Martha
57%
24 P Pamela
57%
231 S Sally
57%
91 C Carla
56%
114 E Erin
56%
34 H Heather
56%
62 J Jacqueline
56%
205 K Karla
56%
478 L Lauri
56%
79 L Laurie
56%
20 L Lori
56%
290 L Lorie
56%
363 L Lorrie
56%
475 M Marion
56%
276 M Megan
56%
471 C Clara
55%
294 J Jacquelyn
55%
315 L Lynne
55%
343 R Ruby
55%
85 V Valerie
55%
162 J Judy
54%
433 K Kay
54%
103 L Lynn
54%
59 M Monica
54%
459 V Valarie
54%
87 H Holly
53%
157 J Judith
53%
52 S Stacey
53%
264 S Staci
53%
209 S Stacie
53%
53 S Stacy
53%
444 T Tonja
53%
277 A Amber
52%
221 A Audrey
52%
372 B Bethany
52%
226 J Jackie
52%
51 J Jill
52%
316 N Nina
52%
358 P Pauline
52%
412 A Angelina
51%
337 E Esther
51%
242 S Sandy
51%
367 C Cara
50%
23 C Cynthia
50%
127 D Debbie
50%
35 D Denise
50%
207 E Erica
50%
225 E Erika
50%
403 G Georgia
50%
222 C Kara
50%
319 V Vivian
50%
74 C Cindy
49%
60 D Dana
49%
494 G Gena
49%
63 G Gina
49%
287 H Hope
48%
220 K Kristy
48%
161 M Maureen
48%
393 P Patti
48%
345 P Patty
48%
384 S Susanne
48%
75 S Suzanne
48%
107 T Tara
48%
151 C Cassandra
47%
381 E Edith
47%
148 J Joyce
47%
447 M Mia
47%
469 T Terrie
47%
240 T Terry
47%
441 J Janette
46%
188 J Jeanette
46%
342 J Jeannette
46%
95 J Jodi
46%
299 J Jodie
46%
165 J Jody
46%
320 L Lydia
46%
142 P Penny
46%
184 R Rita
46%
282 S Sherrie
46%
56 S Sherry
46%
254 T Teri
46%
93 T Terri
46%
487 A Angelica
45%
41 C Cheryl
45%
105 C Connie
45%
21 D Dawn
45%
275 D Doris
45%
423 F Faith
45%
308 L Lana
45%
334 L Lesley
45%
64 L Leslie
45%
186 S Sheryl
45%
97 A April
44%
425 D Dora
44%
439 L Lena
44%
420 N Naomi
44%
31 S Shannon
44%
78 T Tamara
44%
457 T Tamera
44%
400 T Tamra
44%
144 T Tiffany
44%
118 C Crystal
43%
150 G Gloria
43%
262 I Irene
43%
429 N Natasha
43%
129 B Bonnie
42%
410 J Jami
42%
121 J Jamie
42%
448 M Malinda
42%
218 M Marilyn
42%
89 M Melinda
42%
44 R Rhonda
42%
214 R Ronda
42%
442 R Rosemarie
42%
322 R Rosemary
42%
68 S Sheila
42%
135 S Shelley
42%
481 S Shellie
42%
102 S Shelly
42%
500 A Alyssa
41%
193 B Belinda
41%
255 C Cheri
41%
338 C Courtney
41%
191 E Elaine
41%
132 S Sheri
41%
106 S Sherri
41%
173 S Shirley
41%
183 S Sonia
41%
229 S Sonja
41%
123 S Sonya
41%
159 T Toni
41%
126 W Wanda
41%
474 B Betsy
40%
234 C Candace
40%
344 C Candice
40%
149 C Carmen
40%
71 C Carolyn
40%
212 E Eileen
40%
239 M Melody
40%
178 S Sylvia
40%
125 V Vicki
40%
143 Y Yvonne
40%
120 A Anita
39%
155 B Becky
39%
323 C Camille
39%
446 D Deena
39%
380 I Iris
39%
223 L Lara
39%
368 L Leann
39%
321 L Leanne
39%
174 | 291 V Vickie
39%
217 S Shari
38%
138 V Virginia
38%
163 C Charlene
37%
237 D Dena
37%
199 D Dina
37%
257 L Lee
37%
402 L Lois
37%
208 R Roberta
37%
152 Y Yvette
37%
109 C Colleen
36%
81 H Heidi
36%
253 K Kirsten
36%
46 R Robin
36%
189 R Robyn
36%
113 A Annette
35%
407 C Cecilia
35%
306 C Constance
35%
309 D Doreen
35%
201 L Leigh
35%
417 M Marci
35%
260 M Marcia
35%
464 M Marcie
35%
347 M Marcy
35%
352 M Marianne
35%
256 M Marsha
35%
349 R Rene
35%
67 R Renee
35%
463 B Beatrice
34%
197 B Bridget
34%
386 B Bridgette
34%
259 C Claudia
34%
137 D Darlene
34%
492 J Jocelyn
34%
180 K Katrina
34%
238 L Lorraine
34%
350 M Marjorie
34%
411 M Maryann
34%
166 S Sabrina
34%
346 S Serena
34%
318 S Sue
34%
466 S Susie
34%
355 T Tabatha
34%
297 T Tabitha
34%
424 E Elena
33%
357 M Mindy
33%
279 C Candy
32%
451 J Jeannine
32%
452 J Julianne
32%
307 K Kendra
32%
304 M Marlene
32%
141 B Beverly
31%
453 D Delores
31%
388 D Dolores
31%
303 J Janine
31%
375 J Jeanine
31%
376 M Miriam
31%
312 B Billie
30%
362 D Daphne
30%
450 E Edna
30%
202 G Gail
30%
373 G Gayle
30%
341 M Mona
30%
158 P Peggy
30%
389 S Shauna
30%
249 S Shawna
30%
119 T Tricia
30%
258 T Trisha
30%
252 A Angie
29%
266 M Meredith
29%
480 B Brooke
28%
365 C Christa
28%
248 D Deana
28%
88 D Deanna
28%
485 G Gladys
28%
247 G Gwendolyn
28%
227 K Krista
28%
250 L Lynette
28%
456 L Lynnette
28%
406 N Nadine
28%
203 N Norma
28%
271 D Darla
27%
432 J Janie
27%
86 R Regina
27%
261 A Alisa
26%
488 B Bertha
26%
462 D Deann
26%
390 D Deanne
26%
359 E Elisa
26%
370 L Laurel
26%
449 M Michael
26%
331 P Paige
26%
300 P Priscilla
26%
98 Y Yolanda
26%
285 A Adrienne
25%
298 G Glenda
25%
493 I Ida
25%
204 L Loretta
25%
329 L Lucinda
25%
301 P Phyllis
25%
427 A Alma
24%
354 B Bobbi
24%
272 B Bobbie
24%
263 G Gretchen
24%
351 J Janelle
24%
296 R Rachelle
24%
236 R Rochelle
24%
330 A Arlene
23%
270 M Marla
23%
182 M Monique
23%
435 N Nikki
23%
366 P Paulette
23%
267 R Roxanne
23%
443 A Adriana
22%
311 B Bernadette
22%
386 C Celeste
22%
401 G Geraldine
22%
280 J Jana
22%
458 M Mildred
22%
465 B Brandie
21%
146 F Felicia
21%
399 F Francine
21%
479 J Johanna
21%
295 M Misty
21%
461 N Noelle
21%
289 R Ramona
21%
192 T Trina
21%
495 B Bernice
20%
245 R Raquel
19%
364 D Darcy
18%
326 D Desiree
18%
455 M Myra
18%
408 P Patrice
18%
305 S Shana
18%
379 S Shanna
18%
243 J Juanita
17%
371 A Angelique
16%
286 A Antoinette
15%
489 C Colette
15%
235 G Ginger
15%
490 O Olga
14%
496 U Ursula
14%
394 I Irma
13%
283 L Leticia
13%
477 M Margie
13%
440 I Ingrid
12%
454 L Lorena
12%
484 R Rena
12%
369 D Deirdre
11%
404 S Suzette
11%
302 A Angelia
10%
310 A Audra
10%
486 M Marisol
10%
428 M Marnie
10%
421 M Margarita
9%
327 D Dionne
8%
436 J Jeri
8%
491 J Jerri
8%
356 A Annmarie
7%
437 G Guadalupe
7%
430 M Marcella
7%
325 L Latonya
6%
468 M Maribel
6%
482 S Shonda
6%
378 C Chandra
5%
413 L Ladonna
5%
233 S Shelia
5%
460 L Luz
4%
483 T Tisha
4%
377 A Anissa
3%
472 D Danette
3%
434 M Marlo
3%
473 D Deidra
2%
499 L Lashawn
2%
No matching quizzes found
Score Distribution
Percent of People with Each Score
Percentile by Number Answered
Your Score History
You have not taken this quiz